| 000 | 01783cam a2200457 i 4500 | ||
|---|---|---|---|
| 001 | 0000656 | ||
| 003 | DO-SdBPM | ||
| 005 | 20260427134053.0 | ||
| 007 | ta | ||
| 008 | 100514s 2006 dr | 000 f spa | ||
| 015 | _a | ||
| 017 |
_a _b |
||
| 020 | _a9788476662120 | ||
| 035 | _a | ||
| 040 |
_aDO-SdBPM _bspa _cBPMSU _e rda |
||
| 080 | _a | ||
| 082 | 0 | 4 |
_a372.41 _bP257s 2006 _222 |
| 100 | 1 |
_a Peralta Espinos, María Víctoria _eautora _4aut. |
|
| 245 | 1 | 0 |
_aAprendiendo a educar mejor a niños y niños pequeños / _c María Víctoria Peralta Espinosa y Mónica Manhey Moreno, Patricia Sarlé, Marien Paggy Martínez Stark |
| 250 | _a2a. ed. | ||
| 264 |
_aSanto Domingo : _bINAFOCAM ; _bINAIPI, _c2006 |
||
| 300 |
_avs. páginas ; _c24 cm |
||
| 336 |
_atexto _btxt _2rdacontent |
||
| 337 |
_asin mediación _bn _2rdamedia |
||
| 338 |
_avolumen _bnc _2rdacarrier |
||
| 500 | _aIncluye referencias bibliográficas y notas al pie de las páginas | ||
| 504 | _aBibliografía páginas 35 | ||
| 505 | 0 | _av.5 : Las niñas y los niños necesitan experiencias de aprendizaje planificada y evaluadas -- v. 6 : Las niñas y los niños se comunican -- v. 8 : Yo juego, tú juegas ... todos jugamos muchos juegos. | |
| 590 | _aInventariado, 2026/VM | ||
| 650 | 4 | _a Métodos de estudio | |
| 650 | 7 |
_aEscritura _xEnseñanza primaria |
|
| 650 | 7 |
_aLectura y escritura _xEnseñanza |
|
| 650 | 7 | _xPsicolingüística | |
| 700 | 1 |
_aManhey Moreno, Mónica _eautora |
|
| 700 | 1 |
_aPeralta Espinosa María Víctoria _eautora |
|
| 700 | 1 |
_aSarlé, Patricia _eautora |
|
| 700 | 1 |
_aMartínez Peggy, Marien Peggy _eautora |
|
| 710 | 2 | _aInstituto Nacional de Formación y Capacitación del Magisterio | |
| 910 | _aVMateo V. Control de calidad. BPMSU | ||
| 942 |
_2ddc _cBK |
||
| 999 |
_c15796 _d15796 |
||